[Event "BCF-chT2 2425 (4NCL)"]
[Site "England"]
[Date "2025.02.16"]
[Round "6.33"]
[White "Valdepenas Octavio, Javier"]
[Black "Blackburn, Jonathan LB"]
[Result "1/2-1/2"]
[WhiteElo "2168"]
[BlackElo "2205"]
[PlyCount "70"]
[EventDate "2024.11.23"]
[EventType "team-tourn"]
[EventRounds "11"]
[EventCountry "ENG"]
[SourceTitle "CB14_2025"]
[SourceDate "2024.11.01"]
[SourceVersion "1"]
[SourceVersionDate "2024.11.01"]
[SourceQuality "1"]
[WhiteTeam "Warwicks Select"]
[BlackTeam "The Audible Checks"]
[WhiteTeamCountry "ENG"]
[BlackTeamCountry "ENG"]

1. e4 e6 2. d4 d5 3. Nd2 c5 4. exd5 exd5 5. Ngf3 Nc6 6. Bb5 Qe7+ 7. Be2 Qc7 8. 0-0 Nf6 9. Re1 cxd4 10. Nb3 Bb4 11. Bd2 Bxd2 12. Qxd2 0-0 13. Nbxd4 Bg4 14. Nh4 Ne4 15. Qe3 Bxe2 16. Rxe2 Ne5 17. f3 Nc4 18. Qc1 Qb6 19. c3 Nc5 20. b3 Nd6 21. Qd2 Ne6 22. Rd1 Rac8 23. Kh1 Nxd4 24. cxd4 f6 25. g3 Rfe8 26. Ng2 Nb5 27. Rxe8+ Rxe8 28. Nf4 Nc7 29. Re1 Rxe1+ 30. Qxe1 Kf7 31. Qe3 Qa6 32. Qe2 Qc6 33. Qd3 Qb5 34. Qxb5 Nxb5 35. Ne2 Ke6 1/2-1/2

[Event "BCF-chT2 2425 (4NCL)"]
[Site "England"]
[Date "2025.02.15"]
[Round "5.53"]
[White "Wilks, Simon"]
[Black "Valdepenas Octavio, Javier"]
[Result "1/2-1/2"]
[WhiteElo "2058"]
[BlackElo "2168"]
[PlyCount "116"]
[EventDate "2024.11.23"]
[EventType "team-tourn"]
[EventRounds "11"]
[EventCountry "ENG"]
[SourceTitle "CB14_2025"]
[SourceDate "2024.11.01"]
[SourceVersion "1"]
[SourceVersionDate "2024.11.01"]
[SourceQuality "1"]
[WhiteTeam "Schach Attack"]
[BlackTeam "Warwicks Select"]
[WhiteTeamCountry "ENG"]
[BlackTeamCountry "ENG"]

1. e4 e5 2. Nf3 Nc6 3. Bb5 a6 4. Ba4 Nf6 5. 0-0 Be7 6. Re1 b5 7. Bb3 d6 8. c3 0-0 9. h3 Nb8 10. d4 Nbd7 11. Nbd2 Bb7 12. Bc2 Re8 13. Nf1 Bf8 14. Ng3 g6 15. a4 Nb6 16. a5 Nbd7 17. b3 exd4 18. cxd4 c5 19. d5 Bg7 20. Ra2 Ne5 21. Nxe5 Rxe5 22. Bf4 Re8 23. Bd3 Rc8 24. Qc1 Qc7 25. Bd2 Nd7 26. Bc3 Ne5 27. Bf1 Qd8 28. f4 Nd7 29. Bxg7 Kxg7 30. Rf2 Qh4 31. Nh1 Kg8 32. g3 Qe7 33. Rfe2 Qf6 34. Nf2 Qg7 35. Bg2 Qd4 36. Kh2 c4 37. Rd1 Qc5 38. Rc2 c3 39. Nd3 Qc7 40. b4 Nf6 41. Nf2 Qc4 42. Rd3 Qxb4 43. Rdxc3 Rxc3 44. Rxc3 Qxa5 45. Rc7 Qb6 46. Qc3 b4 47. Rxb7 Qxb7 48. Qxf6 b3 49. Ng4 b2 50. Nh6+ Kf8 51. Nf5 gxf5 52. e5 b1Q 53. Qh6+ Kg8 54. Qg5+ Kh8 55. Qf6+ Kg8 56. Qg5+ Kh8 57. Qf6+ Kg8 58. Qg5+ Kh8 1/2-1/2

[Event "Lorca op 13th"]
[Site "Lorca"]
[Date "2024.12.30"]
[Round "8"]
[White "Valdepenas Octavio, Javier"]
[Black "Khamrakulov, Ibragim S"]
[Result "0-1"]
[WhiteElo "2145"]
[BlackElo "2388"]
[PlyCount "142"]
[EventDate "2024.12.26"]
[EventType "swiss"]
[EventRounds "9"]
[EventCountry "ESP"]
[SourceTitle "CB02_2025"]
[SourceDate "2025.01.08"]
[SourceVersion "1"]
[SourceVersionDate "2025.01.08"]
[SourceQuality "1"]

1. e4 c5 2. Nf3 e6 3. d4 cxd4 4. Nxd4 a6 5. Nc3 Qc7 6. Be2 Nf6 7. 0-0 Nc6 8. Be3 Ne5 9. f4 Nc4 10. Bxc4 Qxc4 11. e5 Nd5 12. Nxd5 Qxd5 13. c4 Qe4 14. Rf3 b6 15. Nb3 Rb8 16. Rc1 Qa8 17. f5 exf5 18. Rxf5 Be7 19. Qg4 g6 20. Rf2 d5 21. Qf3 Be6 22. Nd4 0-0 23. Bh6 dxc4 24. Qxa8 Rxa8 25. Nxe6 fxe6 26. Bxf8 Bxf8 27. Rf6 Re8 28. Rxc4 Bg7 29. Rf2 Bxe5 30. Rfc2 Kg7 31. Re4 Bd6 32. b4 Kf6 33. Kf2 Ke7 34. Rc6 Rb8 35. Rd4 Be5 36. Rh4 h5 37. Re4 Bd6 38. g3 e5 39. a3 Ke6 40. Ke3 a5 41. b5 Kd5 42. Ra4 g5 43. Ke2 Bc5 44. Rf6 Bd4 45. Rf5 Rc8 46. Kd2 g4 47. Rxh5 Rc5 48. Rh8 Rxb5 49. Rg8 Rb2+ 50. Kc1 Rxh2 51. Rxg4 Rg2 52. Kd1 Kc5 53. Rg5 Kd5 54. Rg4 Ra2 55. Rg6 Kc5 56. Rg5 Bc3 57. Rh4 Rxa3 58. Rg8 Bd4 59. g4 a4 60. Rh7 Rg3 61. Rc7+ Kd5 62. Ra7 b5 63. Rc7 a3 64. Ra8 b4 65. Rb7 Kc4 66. Ke2 e4 67. Rc7+ Kb3 68. Rd7 Rg2+ 69. Kf1 Rg1+ 70. Ke2 Bc3 71. Ke3 a2 0-1

[Event "Lorca op 13th"]
[Site "Lorca"]
[Date "2024.12.29"]
[Round "6"]
[White "Valdepenas Octavio, Javier"]
[Black "Ibarra Jerez, Juan Miguel"]
[Result "1-0"]
[WhiteElo "2145"]
[BlackElo "2220"]
[PlyCount "42"]
[EventDate "2024.12.26"]
[EventType "swiss"]
[EventRounds "9"]
[EventCountry "ESP"]
[SourceTitle "CB02_2025"]
[SourceDate "2025.01.08"]
[SourceVersion "1"]
[SourceVersionDate "2025.01.08"]
[SourceQuality "1"]

1. e4 h6 2. d4 e6 3. c4 d5 4. Nc3 dxe4 5. Nxe4 Bb4+ 6. Nc3 c5 7. a3 Ba5 8. Nf3 Nf6 9. Be2 Nc6 10. dxc5 Bxc3+ 11. bxc3 Qa5 12. 0-0 Ne4 13. Qc2 Nxc5 14. Be3 e5 15. Rfb1 Nd7 16. Nh4 Qd8 17. Nf5 Qf6 18. Rd1 Kf8 19. Rd6 Qd8 20. Rad1 Qe8 21. Bf3 Qd8 1-0

[Event "BCF-chT3W 2223 (4NCL)"]
[Site "England"]
[Date "2023.03.18"]
[Round "7.13"]
[White "Valdepenas Octavio, Javier"]
[Black "Mercs, Peter J"]
[Result "1-0"]
[WhiteElo "2210"]
[BlackElo "2069"]
[PlyCount "67"]
[EventDate "2022.10.22"]
[EventType "team-tourn"]
[EventRounds "11"]
[EventCountry "ENG"]
[SourceTitle "EXT 2024"]
[Source "ChessBase"]
[SourceDate "2023.10.10"]
[SourceVersion "1"]
[SourceVersionDate "2023.10.10"]
[SourceQuality "1"]
[WhiteTeam "Warwicks Select"]
[BlackTeam "Ashfield"]
[WhiteTeamCountry "ENG"]
[BlackTeamCountry "ENG"]

1. e4 c5 2. Nf3 d6 3. d4 cxd4 4. Nxd4 Nf6 5. Nc3 e6 6. g4 h6 7. Rg1 Nc6 8. Be3 a6 9. Be2 Bd7 10. h4 Nxd4 11. Qxd4 h5 12. gxh5 Nxh5 13. 0-0-0 Qc7 14. f4 Bc6 15. Rg5 Nf6 16. h5 0-0-0 17. Bf3 Nd7 18. Qc4 Nc5 19. a3 Be7 20. Rxg7 Bf6 21. Rgg1 b5 22. Qe2 Bxc3 23. bxc3 Na4 24. Rd3 d5 25. e5 Qe7 26. Kd2 Qxa3 27. Bd4 Nb2 28. Ke3 Qe7 29. Rg5 Nc4+ 30. Kf2 Rdg8 31. Qf1 Rxg5 32. fxg5 Qxg5 33. Qg2 Qe7 34. Qg7 1-0

[Event "Benidorm Bali op-A"]
[Site "Benidorm"]
[Date "2022.12.07"]
[Round "6"]
[White "Valdepenas Octavio, Javier"]
[Black "Korneev, Oleg"]
[Result "1/2-1/2"]
[WhiteElo "2216"]
[BlackElo "2481"]
[PlyCount "105"]
[EventDate "2022.12.03"]
[EventType "swiss"]
[EventRounds "9"]
[EventCountry "ESP"]
[SourceTitle "CBM 211 Extra"]
[Source "ChessBase"]
[SourceDate "2023.01.31"]
[SourceVersion "1"]
[SourceVersionDate "2023.01.31"]
[SourceQuality "1"]

1. e4 e5 2. Nf3 Nc6 3. Bb5 a6 4. Ba4 Nf6 5. 0-0 Bc5 6. Nxe5 Nxe5 7. d4 b5 8. Bb3 Bxd4 9. Qxd4 d6 10. c3 0-0 11. f3 c5 12. Qd1 Bb7 13. Bg5 h6 14. Bh4 Ng6 15. Bg3 d5 16. e5 Nh5 17. f4 Nxg3 18. hxg3 f6 19. Bc2 Ne7 20. exf6 Rxf6 21. Nd2 Nf5 22. Bxf5 Rxf5 23. Nf3 d4 24. cxd4 Bxf3 25. Rxf3 Rd5 26. Qe2 Rxd4 27. Qe6+ Kh8 28. f5 Qd6 29. Re1 Rf8 30. b3 c4 31. bxc4 bxc4 32. Qxd6 Rxd6 33. Rc1 Rd4 34. Rf4 Rxf4 35. gxf4 Rc8 36. Rc3 Kg8 37. Kf2 Kf7 38. Ke3 Kf6 39. g4 h5 40. gxh5 Kxf5 41. Kd2 Kxf4 42. Ra3 Rd8+ 43. Kc2 Rd5 44. Rxa6 Rxh5 45. Rg6 Rh7 46. Kc3 Kf5 47. Rg1 g5 48. Kxc4 Ra7 49. Kb3 g4 50. a4 Kf4 51. Kb4 Rb7+ 52. Kc5 Rc7+ 53. Kb6 1/2-1/2

[Event "Benidorm Bali op-A"]
[Site "Benidorm"]
[Date "2022.12.06"]
[Round "5"]
[White "Pallardo Lozoya, Jose Vicente"]
[Black "Valdepenas Octavio, Javier"]
[Result "0-1"]
[WhiteElo "2367"]
[BlackElo "2216"]
[PlyCount "110"]
[EventDate "2022.12.03"]
[EventType "swiss"]
[EventRounds "9"]
[EventCountry "ESP"]
[SourceTitle "CBM 211 Extra"]
[Source "ChessBase"]
[SourceDate "2023.01.31"]
[SourceVersion "1"]
[SourceVersionDate "2023.01.31"]
[SourceQuality "1"]

1. e4 e5 2. Nf3 Nc6 3. Bb5 a6 4. Ba4 Nf6 5. d3 d6 6. c3 g6 7. Nbd2 Bg7 8. Nf1 0-0 9. Ng3 Re8 10. 0-0 b5 11. Bc2 a5 12. h3 h6 13. Re1 Bb7 14. Nh2 a4 15. a3 Na5 16. f4 exf4 17. Bxf4 c5 18. Qd2 Kh7 19. Rad1 Rc8 20. Bb1 Nb3 21. Qf2 b4 22. axb4 cxb4 23. cxb4 Nd7 24. Be3 Ne5 25. Kh1 Qd7 26. d4 Nc4 27. Ng4 Nxe3 28. Rxe3 Nxd4 29. Red3 Nb5 30. e5 Rxe5 31. Nxe5 Bxe5 32. Kg1 Rc4 33. Nh5 Qe7 34. Re1 Be4 35. Rxe4 Rxe4 36. Rf3 Bd4 37. Nf6+ Qxf6 38. Rxf6 Re1+ 39. Kh2 Bxf2 40. Rxf7+ Kg8 41. Bxg6 Bd4 42. Rb7 Be5+ 43. g3 Re2+ 44. Kg1 Rxb2 45. Rxb5 a3 46. Be4 a2 47. Bd5+ Kg7 48. Bxa2 Rxa2 49. Ra5 Rb2 50. Ra3 Rxb4 51. Kf2 h5 52. Kf3 Rc4 53. Ra7+ Kg6 54. g4 Rc3+ 55. Ke4 h4 0-1

[Event "Mislata op rapid"]
[Site "Mislata"]
[Date "2022.08.15"]
[Round "1"]
[White "Valdepenas Octavio, Javier"]
[Black "Odriozola Coscolin, Alex"]
[Result "1/2-1/2"]
[WhiteElo "2192"]
[BlackElo "2035"]
[PlyCount "55"]
[EventDate "2022.08.15"]
[EventType "swiss (rapid)"]
[EventRounds "8"]
[EventCountry "ESP"]
[SourceTitle "EXT 2024"]
[Source "ChessBase"]
[SourceDate "2023.10.10"]
[SourceVersion "1"]
[SourceVersionDate "2023.10.10"]
[SourceQuality "1"]

1. e4 c5 2. Nf3 Nc6 3. d4 cxd4 4. Nxd4 g6 5. c4 Nf6 6. Nc3 d6 7. Be2 Nxd4 8. Qxd4 Bg7 9. 0-0 0-0 10. Qd3 Nd7 11. Be3 Nc5 12. Qc2 a5 13. Rad1 Bd7 14. Bf3 a4 15. h4 Be5 16. Bh6 Re8 17. Qd2 Rb8 18. Be2 Bc6 19. f3 Qa5 20. Rc1 b5 21. cxb5 Bd7 22. Be3 Rec8 23. Bd4 Bxb5 24. Bxb5 Rxb5 25. Bxe5 dxe5 26. Qg5 Ne6 27. Qxe7 Rxb2 28. Nd5 1/2-1/2

[Event "La Roda op 48th"]
[Site "La Roda"]
[Date "2022.04.15"]
[Round "4"]
[White "Lim, Zhuo Ren"]
[Black "Valdepenas Octavio, Javier"]
[Result "1/2-1/2"]
[WhiteElo "2317"]
[BlackElo "2129"]
[PlyCount "44"]
[EventDate "2022.04.13"]
[EventType "swiss"]
[EventRounds "9"]
[EventCountry "ESP"]
[SourceTitle "CBM 207 Extra"]
[Source "ChessBase"]
[SourceDate "2022.05.31"]
[SourceVersion "1"]
[SourceVersionDate "2022.05.31"]
[SourceQuality "1"]

1. d4 d5 2. Nf3 Nf6 3. c4 dxc4 4. e3 e6 5. Bxc4 c5 6. 0-0 a6 7. Ne5 Bd6 8. Be2 0-0 9. Nc4 cxd4 10. Qxd4 Bc7 11. Qxd8 Rxd8 12. a4 Nc6 13. Nc3 e5 14. Bd2 Be6 15. Rfd1 Rac8 16. Be1 Kf8 17. f3 Na5 18. Nxa5 Bxa5 19. Kf1 Bb6 20. Kf2 Ke8 21. Rxd8+ Rxd8 22. a5 Bc5 1/2-1/2

[Event "Mislata op 52nd"]
[Site "Mislata"]
[Date "2018.08.10"]
[Round "7"]
[White "Crespo, Raimundo Francisco"]
[Black "Valdepenas Octavio, Javier"]
[Result "0-1"]
[WhiteElo "2091"]
[BlackElo "2115"]
[PlyCount "142"]
[EventDate "2018.08.06"]
[EventType "swiss"]
[EventRounds "9"]
[EventCountry "ESP"]
[SourceTitle "CBM 185 Extra"]
[Source "ChessBase"]
[SourceDate "2018.07.29"]
[SourceVersion "1"]
[SourceVersionDate "2018.07.29"]
[SourceQuality "1"]

1. e4 c5 2. Nf3 d6 3. Bb5+ Bd7 4. Bxd7+ Qxd7 5. 0-0 Nc6 6. c3 Nf6 7. Re1 g6 8. d4 cxd4 9. cxd4 d5 10. e5 Ne4 11. Nc3 Nxc3 12. bxc3 Bg7 13. Ng5 e6 14. Ba3 Na5 15. Qg4 Nc4 16. Bc1 h6 17. Nf3 0-0-0 18. a4 Kb8 19. Nd2 Nxd2 20. Bxd2 Rc8 21. Reb1 Rc4 22. Qd1 Rhc8 23. Rb5 a6 24. Rb3 R8c7 25. Rb6 R4c6 26. Rb3 Bf8 27. Qf3 Qe7 28. g3 h5 29. h4 Qe8 30. Qd1 Ka8 31. Kg2 Be7 32. Kg1 Bd8 33. a5 Rc4 34. Rba3 Qg8 35. f4 Qf8 36. Rb3 Rd7 37. Rba3 f6 38. exf6 Qxf6 39. Qe2 Qf5 40. R3a2 Rdc7 41. Kg2 R7c6 42. Kh2 Qg4 43. Qe3 Bc7 44. Kg2 Bd8 45. Kh2 Qf5 46. Kg2 Rc7 47. Re1 R4c6 48. Rea1 Rf7 49. Re1 Bc7 50. Raa1 Kb8 51. Ra2 Kc8 52. Rea1 Qg4 53. Re1 Bxf4 54. Qd3 Bb8 55. Bg5 Qf5 56. Qe3 Bc7 57. Raa1 Qc2+ 58. Re2 Qxc3 59. Qxc3 Rxc3 60. Rxe6 Rxg3+ 61. Kh1 Rh3+ 62. Kg1 Rg3+ 63. Kh1 Rh3+ 64. Kg1 Rff3 65. Re8+ Kd7 66. Re7+ Kd6 67. Rae1 Rhg3+ 68. Kh1 Rh3+ 69. Kg1 Kc6 70. Rc1+ Rc3 71. Rb1 Rcg3+ 0-1

[Event "Mislata op 52nd"]
[Site "Mislata"]
[Date "2018.08.07"]
[Round "3"]
[White "Kovacevic, Slobodan"]
[Black "Valdepenas Octavio, Javier"]
[Result "0-1"]
[WhiteElo "2276"]
[BlackElo "2115"]
[PlyCount "94"]
[EventDate "2018.08.06"]
[EventType "swiss"]
[EventRounds "9"]
[EventCountry "ESP"]
[SourceTitle "CBM 185 Extra"]
[Source "ChessBase"]
[SourceDate "2018.07.29"]
[SourceVersion "1"]
[SourceVersionDate "2018.07.29"]
[SourceQuality "1"]

1. d4 Nf6 2. Nf3 d5 3. Bf4 c5 4. e3 Nc6 5. c3 Qb6 6. Qb3 c4 7. Qc2 Bf5 8. Qc1 e6 9. Nbd2 Be7 10. Be2 h6 11. 0-0 0-0 12. h3 Rfc8 13. Bd1 Qd8 14. Bc2 b5 15. a3 a5 16. Qb1 Bxc2 17. Qxc2 Bd6 18. Bxd6 Qxd6 19. e4 dxe4 20. Nxe4 Nxe4 21. Qxe4 Qd5 22. Qe2 Re8 23. Rfe1 Rad8 24. a4 b4 25. Rad1 Rb8 26. Nd2 Rec8 27. Nxc4 Ne7 28. Ne3 Qd7 29. c4 b3 30. c5 Rb4 31. Nc4 Rd8 32. Ne5 Qd5 33. Qa6 Rxa4 34. Qa7 Kf8 35. c6 Qd6 36. Re3 f6 37. Nd7+ Kg8 38. Nc5 Nxc6 39. Qa6 Rxd4 40. Rxd4 Nxd4 41. Qxa5 Rc8 42. Nd3 e5 43. Kh1 Kh7 44. f4 exf4 45. Re1 f3 46. Qh5 fxg2+ 47. Kg1 Qg3 0-1